| 000 | 00720cam a2200229 a 4500 | ||
|---|---|---|---|
| 001 | 15180152 | ||
| 005 | 20180223081455.0 | ||
| 008 | 080213s2008 maua b 001 0 eng | ||
| 010 | _a 2008270599 | ||
| 020 | _a9780073397238 | ||
| 040 |
_aDLC _cDLC _dDLC |
||
| 041 | _aeng | ||
| 080 | _a613 DAN | ||
| 082 | 0 | 0 |
_a613 DAN _222 |
| 100 | _a3 | ||
| 101 | _aSHM | ||
| 245 | 0 | 0 |
_aTaking sides. _pClashing views in health and society / _cselected, edited, and with introductions by Eileen L. Daniel. |
| 504 | _aIncludes bibliographical references and index. | ||
| 906 |
_a7 _bcbc _corigcop _d3 _encip _f20 _gy-gencatlg |
||
| 942 |
_2ddc _cBK |
||
| 999 |
_c43296 _d43296 |
||